LEADER 01759nam a2200397 u 4500 001 000000000295 003 CaOOAMICUS 005 20150227145454.0 008 950329s1979 it u000 u ita u 020 $a8820707594 035 $a10005064 040 $aPUL(R)$bita 041 1 $aita$hlat 100 0 $aVirgilius Maro,$cgrammatico,$dsec. VII.$0(OLS)http://pul/name/277 240 10$aEpitomae.$lItaliano e latino.$0(OLS)http://pul/title/336 245 10$aEpitomi ed epistole /$cVirgilio Marone grammatico ; edizione critica a cura di G. Polara ; traduzione di L. Caruso e G. Polara. 260 $aNapoli :$bLiguori,$cc1979. 300 $axlii, 399 p.$c22 cm 490 1 $aNuovo Medioevo ;$v9 500 $aTesto latino con traduzione italiana a fronte. 504 $aBibliografia: p. ix-xviii. 600 14$aVirgilius Maro,$cgrammatico,$dsec. VII.$tEpistolae$lItaliano e latino.$0(OLS)http://pul/subject/294 650 4$aLingua latina.$0(OLS)http://pul/subject/295 700 1 $aCaruso, Luciano.$0(OLS)http://pul/name/279 700 1 $aPolara, Giovanni.$0(OLS)http://pul/name/278 830 0$aNuovo Medioevo ;$v9.$0(OLS)http://pul/title/338 850 $aPUL 852 $aPUL$W1$xSL Filosofia 1$y2$m110(1) E 9$j289$nBK-PRI$b $qStampati$B289$CPULBib$Z2$F289 $H $81 852 $aPUL$W1$xDP1 Fondo Capitani$y116$m10 E 43$j20902$qFondi$B163994$CPULBib$Z2$F163994 $HCap541 $82 941 1 $a8 941 1 $a1 961 $aINV: 69500 961 $aNota ms. di possesso : Capitani 996 $6020$a8820707594$9(OLS)http://pul/number/297 996 $6245$aEpitomi ed epistole$9(OLS)http://pul/title/337 996 $6260$aNapoli :$bLiguori$9(OLS)http://pul/publisher/48007 LEADER 02049nam a2200361 u 4500 001 000000004787 003 CaOOAMICUS 005 20070226104705.0 008 940923s1963 fr u000 u fre u 035 $a10126816 040 $aPUL(R)$bita 100 1 $aArtonne, André.$0(OLS)http://pul/name/4960 245 10$aRépertoire des statuts synodaux des diocèses de l'ancienne France du XIIIe à la fin du XVIIIe siècle /$cpar André Artonne, Louis Guizard et Odette Pontal ; Préface par Gabriel Le Bras. 250 $a2. éd. rev. et augm. 260 $aParis :$bEditions du Centre national de la recherche scientifique,$c1963. 300 $a2 f.p., 550 p., 1 f. ;$c25 cm 490 1 $aDocuments, études et répertoires (Institut de recherche et d'histoire des textes (France)) ;$v8 500 $aComprende indici. 504 $aBibliographie p. 15-16 650 4$aSinodi diocesani$zFrancia$ySec. XIII-XVIII.$0(OLS)http://pul/subject/4167 651 4$aFrancia$xStoria ecclesiastica$ySec. XIII-XVIII.$0(OLS)http://pul/subject/4168 700 1 $aLe Bras, Gabriel,$d1891-1970.$0(OLS)http://pul/name/4962 700 1 $aPontal, Odette.$0(OLS)http://pul/name/503 700 1 $aGuizard, Louis.$0(OLS)http://pul/name/4961 830 0$aDocuments, études et répertoires (Institut de recherche et d'histoire des textes (France)) ;$v8.$0(OLS)http://pul/title/6919 850 $aPUL 852 $aPUL$W1$xDP1 Fondo Maccarrone$y58$m1505 D 6$j6683$nBK-PRI$b $qFondi$B6683$CPULBib$Z2$F6683 $H $81 852 $aPUL$W1$xSL Cons. Gen., Altre Classi 1$y1$m2007 B 12$j6684$n $b $qStampati$B6684$CPULBib$Z2$F6684 $H25288 $81 941 1 $a8 941 1 $a1 961 $aINV: 01496 -- Fondo Mons. M. Maccarrone 996 $6245$aRépertoire des statuts synodaux des diocèses de l'ancienne France du XIIIe à la fin du XVIIIe siècle$9(OLS)http://pul/title/6918 996 $6260$aParis :$bEditions du Centre national de la recherche scientifique$9(OLS)http://pul/publisher/49483